[Event "42nd Olympiad 2016"]
[Site "Baku AZE"]
[Date "2016.09.09"]
[Round "7.50"]
[Board "1"]
[White "Greet, Andrew N"]
[Black "Song, Raymond"]
[Result "1-0"]
[WhiteTitle "IM"]
[WhiteElo "2455"]
[BlackElo "2170"]
[WhiteTeam "Scotland"]
[BlackTeam "Chinese Taipei"]
[WhiteFideId "405817"]
[BlackFideId "3203824"]
[EventDate "2016.09.02"]

1. d4 Nf6 2. c4 g6 3. g3 Bg7 4. Bg2 O-O 5. Nc3 d6 6. Nf3 Nc6 7. O-O a6 8. Bf4
Nh5 9. Bg5 Rb8 10. Rc1 Bd7 11. Qd2 Re8 12. b3 Qc8 13. Rfe1 e5 14. d5 Nd8 15. Bh6
e4 16. Nd4 Bxh6 17. Qxh6 f5 18. Qd2 Nf7 19. f4 Nf6 20. Nd1 c5 21. dxc6 bxc6 22.
c5 d5 23. Qc3 Nh5 24. Ne3 Qc7 25. b4 Nxf4 26. gxf4 Qxf4 27. a4 Rxb4 28. Nxd5
cxd5 29. Qxb4 Ne5 30. e3 Qh4 31. c6 Bxc6 32. Nxc6 Nd3 33. Qd2 1-0

[Event "42nd Olympiad 2016"]
[Site "Baku AZE"]
[Date "2016.09.09"]
[Round "7.50"]
[Board "2"]
[White "Yang, ching Wei, Austin"]
[Black "McNab, Colin A"]
[Result "1/2-1/2"]
[WhiteTitle "FM"]
[BlackTitle "GM"]
[WhiteElo "1997"]
[BlackElo "2434"]
[WhiteTeam "Chinese Taipei"]
[BlackTeam "Scotland"]
[WhiteFideId "16300440"]
[BlackFideId "2400030"]
[EventDate "2016.09.02"]

1. e4 g6 2. d4 Bg7 3. Nc3 d6 4. Be3 Nf6 5. Qd2 c6 6. Nf3 Qa5 7. h3 Nbd7 8. Bd3
O-O 9. Bh6 e5 10. Bxg7 Kxg7 11. O-O Re8 12. a4 Qb4 13. Ne2 Qxd2 14. Nxd2 d5 15.
exd5 e4 16. dxc6 exd3 17. cxd7 Bxd7 18. Nc3 dxc2 19. Rfc1 Rad8 20. Nf3 Bc6 21.
Ne5 Be4 22. Nxe4 Nxe4 23. Rxc2 Rxd4 24. Rc4 Rxc4 25. Nxc4 Rc8 26. Ne3 Rd8 27. f3
Rd3 28. Nc4 Nc5 29. b4 Ne6 30. Kf2 Rb3 31. b5 Nc5 32. Nd6 Rd3 33. Nc8 a6 34.
bxa6 bxa6 35. a5 Rd2+ 36. Kg3 Ne6 37. h4 Nd4 38. Ra4 Nc6 39. Nb6 Rb2 40. Nd5 Rb7
41. Rc4 Nxa5 42. Ra4 Nb3 43. Rxa6 Nd4 44. Ra2 h5 45. Ne3 Rb4 46. Rd2 Ne6 47. Rc2
Rb3 48. Kf2 Nf4 49. Rc4 Rb2+ 50. Rc2 Rb1 51. Rc4 Ne6 1/2-1/2

[Event "42nd Olympiad 2016"]
[Site "Baku AZE"]
[Date "2016.09.09"]
[Round "7.50"]
[Board "3"]
[White "Gourlay, Iain"]
[Black "Liu, Yeh Yang"]
[Result "1-0"]
[WhiteTitle "FM"]
[WhiteElo "2393"]
[BlackElo "2009"]
[WhiteTeam "Scotland"]
[BlackTeam "Chinese Taipei"]
[WhiteFideId "2401533"]
[BlackFideId "16300416"]
[EventDate "2016.09.02"]

1. Nf3 c5 2. c4 Nc6 3. e3 Nf6 4. Nc3 e6 5. d4 cxd4 6. exd4 d5 7. a3 Be7 8. Bd3
dxc4 9. Bxc4 O-O 10. O-O a6 11. Ba2 b5 12. Re1 Bb7 13. Bg5 h6 14. Bh4 Nd5 15.
Bxe7 Ncxe7 16. Ne4 Qb6 17. Nc5 Rad8 18. Ne5 Nf6 19. Nxf7 Rxf7 20. Rxe6 Qxc5 21.
dxc5 Rxd1+ 22. Rxd1 Bd5 23. Bxd5 Nexd5 24. Rxa6 b4 25. axb4 Nxb4 26. Rb6 Nfd5
27. Rd6 Ra7 28. g3 Ne7 29. Rd7 Rxd7 30. Rxd7 Nec6 31. f4 Kf8 32. Kg2 g5 33. Kf3
gxf4 34. Kxf4 Ke8 35. Rd6 Ne7 36. Ke4 h5 37. Rh6 Nbd5 38. Rd6 Nb4 39. h3 Kf7 40.
Rb6 Nec6 41. Kf5 Ke7 42. Rb7+ Kd8 43. Ke6 Nd4+ 44. Ke5 Kc8 45. Rb6 Nbc6+ 46. Kd5
Kc7 47. b4 Nf5 48. Rxc6+ Kd7 49. Rd6+ Kc7 50. Rf6 Nxg3 51. Rf7+ Kc8 52. b5 h4
53. b6 Ne2 54. c6 Nc3+ 55. Ke6 1-0

[Event "42nd Olympiad 2016"]
[Site "Baku AZE"]
[Date "2016.09.09"]
[Round "7.50"]
[Board "4"]
[White "Min, Po-Yen"]
[Black "Berry, Neil"]
[Result "1/2-1/2"]
[BlackTitle "FM"]
[WhiteElo "1842"]
[BlackElo "2315"]
[WhiteTeam "Chinese Taipei"]
[BlackTeam "Scotland"]
[WhiteFideId "16300203"]
[BlackFideId "2400650"]
[EventDate "2016.09.02"]

1. d4 Nf6 2. c4 e6 3. Nf3 d5 4. Nc3 Bb4 5. Bg5 h6 6. Bxf6 Qxf6 7. Qb3 Nc6 8. e3
dxc4 9. Bxc4 O-O 10. O-O Qe7 11. Bd3 Bd6 12. Ne4 e5 13. d5 Nb4 14. Nxd6 Qxd6 15.
Nxe5 Nxd5 16. Bc4 Qxe5 17. Bxd5 c6 18. Bf3 Qe7 19. a3 Be6 20. Qc3 Rfd8 21. Rad1
Rac8 22. Rxd8+ Rxd8 23. Rd1 Rxd1+ 24. Bxd1 Bd5 25. Bb3 Qe4 26. f3 Qb1+ 27. Kf2
Bxb3 28. Qxb3 b5 29. Qc3 c5 30. Qxc5 Qxb2+ 31. Kg3 a5 32. Qc8+ Kh7 33. Qf5+ Kg8
34. Qc8+ 1/2-1/2

[Event "42nd Olympiad 2016"]
[Site "Baku AZE"]
[Date "2016.09.09"]
[Round "7.51"]
[Board "1"]
[White "Baburin, Alexander"]
[Black "Eichab, Charles"]
[Result "1-0"]
[WhiteTitle "GM"]
[BlackTitle "CM"]
[WhiteElo "2487"]
[BlackElo "2070"]
[WhiteTeam "Ireland"]
[BlackTeam "Namibia"]
[WhiteFideId "2500914"]
[BlackFideId "15200051"]
[EventDate "2016.09.02"]

1. d4 Nf6 2. c4 e6 3. Nc3 Bb4 4. Qc2 c5 5. dxc5 Nc6 6. Nf3 O-O 7. a3 Bxc5 8. Bg5
h6 9. Bh4 g5 10. Bg3 Nh5 11. e3 b6 12. O-O-O Nxg3 13. hxg3 Kg7 14. g4 Bb7 15.
Be2 Be7 16. Rxh6 Rg8 17. Rdh1 Kf8 18. Rh8 Bf6 19. Rxg8+ Kxg8 20. Ne4 Ne5 21.
Nexg5 Bxf3 22. gxf3 Bxg5 23. Qh7+ Kf8 24. Qh8+ Ke7 25. Qxe5 Bf6 26. Qe4 Rc8 27.
Kb1 Qg8 28. f4 Rc5 29. g5 Bg7 30. Qb7 Qc8 31. Qxc8 Rxc8 32. Rh7 Kf8 33. Bd3 Rd8
34. e4 d6 35. f5 Kg8 36. Rh4 Bd4 37. fxe6 fxe6 38. f4 Re8 39. Kc2 Kg7 40. f5 e5
41. Rh6 Be3 42. Be2 Kf8 43. Bh5 Rd8 44. Rh8+ Ke7 45. f6+ Kd7 46. Rxd8+ Kxd8 47.
g6 1-0

[Event "42nd Olympiad 2016"]
[Site "Baku AZE"]
[Date "2016.09.09"]
[Round "7.51"]
[Board "2"]
[White "Mueller, Leonhard"]
[Black "Jessel, Stephen"]
[Result "1/2-1/2"]
[WhiteTitle "FM"]
[BlackTitle "FM"]
[WhiteElo "2204"]
[BlackElo "2367"]
[WhiteTeam "Namibia"]
[BlackTeam "Ireland"]
[WhiteFideId "15200019"]
[BlackFideId "628859"]
[EventDate "2016.09.02"]

1. d4 e6 2. c4 b6 3. e4 Bb7 4. Bd3 Bb4+ 5. Bd2 Bxd2+ 6. Nxd2 Qf6 7. Ngf3 Nc6 8.
e5 Qf4 9. g3 Qh6 10. O-O g5 11. d5 Nb4 12. Be2 exd5 13. a3 g4 14. axb4 gxf3 15.
Bxf3 Ne7 16. cxd5 Bxd5 17. Bxd5 Nxd5 18. Ne4 c6 19. Nd6+ Kf8 20. b5 Qe6 21. Qh5
Rg8 22. Rfe1 Rg7 23. Ra4 cxb5 24. Rd4 a6 25. f4 Ne7 26. f5 Qb3 27. f6 Rg6 28.
fxe7+ Kxe7 29. Qh4+ Kf8 30. Qf4 Kg8 31. Rf1 Rf8 32. Nf5 Kh8 33. Rxd7 Qc4 34. Rd4
Qc5 35. b4 Qc3 36. Ne7 Rg7 37. Nd5 Qb2 38. Nf6 a5 39. Nh5 Rg6 40. Rd7 Qxb4 41.
Qxb4 axb4 42. Rfxf7 Rxf7 43. Rxf7 Kg8 44. Rf4 Re6 45. Nf6+ Kg7 46. Rxb4 Rxe5 47.
Ne4 Kf7 48. Nd6+ Ke6 49. Nxb5 Kd5 50. Nc3+ Kc6 51. Kf2 Rc5 52. Rb3 Ra5 53. Ke3
Ra1 54. Kd4 Rg1 55. Ne4 b5 56. h4 Rd1+ 57. Ke5 Re1 58. h5 Kb6 59. g4 Ka5 60.
Ra3+ Kb6 61. Ra8 b4 62. Rh8 Kc6 63. Rb8 Rb1 64. Kd4 Kc7 65. Rh8 b3 66. Rxh7+ Kc6
67. Rh6+ Kc7 68. Nc3 Rg1 69. Nd5+ Kd8 70. Rh8+ Kd7 71. Kc3 Rg3+ 72. Kb2 Ke6 73.
Nf4+ Kf7 74. Rh7+ Kf6 75. Nd5+ Ke5 76. Nc3 Rxg4 77. Kxb3 Rh4 78. Ne2 Rh3+ 79.
Kc4 Kf6 80. Kd4 Kg5 81. Ke4 Rxh5 82. Rf7 Kg6 83. Rf8 Kg7 84. Rf3 Rh1 85. Kf5 Kf7
86. Nf4 Ke7 87. Rd3 Rf1 88. Rd2 Ke8 89. Ke5 Ke7 90. Ng6+ Kf7 91. Nf4 Ke7 92. Kf5
Ke8 93. Rd3 Ke7 94. Rd4 Rf2 95. Ke5 Rf1 96. Ng6+ Kf7 97. Nf4 Ke7 98. Ra4 Re1+
99. Kf5 Rf1 100. Re4+ Kd6 101. Rc4 Ke7 102. Rc3 Ke8 103. Rc7 Kd8 104. Rh7 Kc8
105. Ke5 Kb8 106. Nd5 Re1+ 107. Kd6 Rd1 108. Re7 Kc8 109. Re4 Kb7 110. Rb4+ Kc8
111. Ra4 Kb7 112. Rb4+ Kc8 113. Rb5 Rd2 114. Rc5+ Kb7 115. Kd7 Rd1 116. Kd6 Rh1
117. Rb5+ Ka6 118. Nc7+ Ka7 119. Kc6 Rh6+ 120. Kd7 Rh7+ 121. Kd6 Rh6+ 122. Ne6
Ka6 123. Rb1 Ka5 124. Rb2 Ka4 125. Kd5 Ka3 126. Rb6 Rh5+ 127. Kc4 Rh4+ 128. Nd4
Ka2 129. Rf6 Kb2 130. Rf2+ Ka3 131. Kc3 Rh3+ 132. Nf3 1/2-1/2

[Event "42nd Olympiad 2016"]
[Site "Baku AZE"]
[Date "2016.09.09"]
[Round "7.51"]
[Board "3"]
[White "Heidenfeld, Mark"]
[Black "Oberholzer, Rex"]
[Result "1-0"]
[WhiteTitle "IM"]
[WhiteElo "2366"]
[BlackElo "2047"]
[WhiteTeam "Ireland"]
[BlackTeam "Namibia"]
[WhiteFideId "2500990"]
[BlackFideId "15200035"]
[EventDate "2016.09.02"]

1. e4 d5 2. exd5 Qxd5 3. Nc3 Qd6 4. d4 Nf6 5. Be2 Bf5 6. Nf3 c6 7. Ne5 Nbd7 8.
Bf4 Nd5 9. Nxd5 Qxd5 10. O-O Nxe5 11. Bxe5 e6 12. Re1 Qd7 13. Bf3 Rg8 14. g4 Bg6
15. c4 O-O-O 16. d5 c5 17. Qb3 exd5 18. Bxd5 Qxg4+ 19. Bg3 Rxd5 20. cxd5 Bd6 21.
Qe3 Rd8 22. Rac1 b6 23. a3 Bxg3 24. hxg3 Rxd5 25. b4 c4 26. Qe8+ Rd8 27. Qc6+
Kb8 28. Rxc4 Qd7 29. Qf3 Qf5 30. Qe3 Qd5 31. Rec1 Qd6 32. Rc6 Qd4 33. Rc8+ Kb7
34. Qe7+ Rd7 35. R8c7+ Rxc7 36. Rxc7+ Ka6 37. Rxa7+ Kb5 38. a4+ Kc4 39. Rd7 Qa1+
40. Kg2 Qb2 41. a5 bxa5 42. bxa5 Qb1 43. Rc7+ Kd3 44. Qe3# 1-0

[Event "42nd Olympiad 2016"]
[Site "Baku AZE"]
[Date "2016.09.09"]
[Round "7.51"]
[Board "4"]
[White "Nitzborn, Max Baron"]
[Black "O'Donnell, Conor"]
[Result "0-1"]
[BlackTitle "FM"]
[WhiteElo "1970"]
[BlackElo "2343"]
[WhiteTeam "Namibia"]
[BlackTeam "Ireland"]
[WhiteFideId "15200434"]
[BlackFideId "2504243"]
[EventDate "2016.09.02"]

1. e4 e5 2. Nf3 d6 3. d4 exd4 4. Nxd4 Nf6 5. Nc3 Be7 6. Be2 O-O 7. O-O Re8 8.
Be3 Bf8 9. Bf3 Nbd7 10. Bg5 h6 11. Bh4 g5 12. Bg3 Nc5 13. h3 Nfxe4 14. Nxe4 Nxe4
15. Bh5 c5 16. Nb5 Nxg3 17. fxg3 Be6 18. Qf3 Qd7 19. Nc3 Bg7 20. Rad1 Bxc3 21.
Qxc3 Qe7 22. Rf6 Qf8 23. Rdf1 Re7 24. h4 Qg7 25. Qd3 Rd8 26. hxg5 Qxg5 27. Bg6
Kg7 28. Be4 Qe5 29. c3 Bxa2 30. R1f4 Be6 31. Qe3 Qg5 32. Qf3 h5 33. Bxb7 Rb8 34.
R6f5 Bxf5 35. Rxf5 Qe3+ 36. Qxe3 Rxe3 37. Bf3 Rxb2 38. Bxh5 f6 39. Rd5 Rb6 40.
c4 Rxg3 41. Kf2 Rg5 42. Bf3 Rxd5 43. Bxd5 a5 0-1

[Event "42nd Olympiad 2016"]
[Site "Baku AZE"]
[Date "2016.09.09"]
[Round "7.52"]
[Board "1"]
[White "Michaelides, Konstantinos"]
[Black "Al-Hajiri, Bader"]
[Result "0-1"]
[WhiteTitle "CM"]
[BlackTitle "FM"]
[WhiteElo "2060"]
[BlackElo "2116"]
[WhiteTeam "Cyprus"]
[BlackTeam "Kuwait"]
[WhiteFideId "5901871"]
[BlackFideId "10300163"]
[EventDate "2016.09.02"]

1. e4 e5 2. Nf3 Nc6 3. Bc4 Nf6 4. d3 Be7 5. O-O O-O 6. Re1 d6 7. a4 Bg4 8. h3
Be6 9. Na3 h6 10. c3 Qd7 11. b4 Rad8 12. Bd2 d5 13. exd5 Bxd5 14. Nxe5 Nxe5 15.
Rxe5 Bxc4 16. dxc4 Bxb4 17. cxb4 Qxd2 18. Qxd2 Rxd2 19. Re7 Re8 20. Rxe8+ Nxe8
21. c5 Rb2 22. Rb1 Ra2 23. Rb3 Nf6 24. Nb5 Rxa4 25. Nxc7 Ne4 26. g3 Ra1+ 27. Kg2
Ra2 28. Rf3 a5 29. Rf4 Nf6 30. bxa5 Rxa5 31. Rc4 Nd7 32. c6 bxc6 33. Rxc6 Ra2
34. Nd5 Ne5 35. Rc8+ Kh7 36. Ne3 Nd3 37. Rc2 Ne1+ 0-1

[Event "42nd Olympiad 2016"]
[Site "Baku AZE"]
[Date "2016.09.09"]
[Round "7.52"]
[Board "2"]
[White "Maqseed, Nasser"]
[Black "Constantinou, Pavlos"]
[Result "0-1"]
[WhiteTitle "CM"]
[BlackTitle "CM"]
[WhiteElo "2000"]
[BlackElo "2058"]
[WhiteTeam "Kuwait"]
[BlackTeam "Cyprus"]
[WhiteFideId "10300074"]
[BlackFideId "5900328"]
[EventDate "2016.09.02"]

1. d4 Nf6 2. c4 e6 3. Nf3 Bb4+ 4. Bd2 Qe7 5. g3 Nc6 6. Bg2 Bxd2+ 7. Nbxd2 d6 8.
O-O O-O 9. a3 e5 10. d5 Nb8 11. e4 Bg4 12. h3 Bh5 13. b4 c6 14. Qb3 Nbd7 15. Nh4
Bg6 16. Nxg6 hxg6 17. dxc6 bxc6 18. Rfd1 Rfd8 19. Rac1 Nf8 20. Qe3 Ne6 21. Nb3
c5 22. b5 Nd4 23. a4 Nd7 24. a5 Nf8 25. h4 Nxb3 26. Qxb3 Ne6 27. Bh3 Nd4 28. Qd3
Rab8 29. a6 g5 30. hxg5 Qxg5 31. Kg2 g6 32. Rc3 Kg7 33. Qe3 Qh5 34. g4 Qh4 35.
Rd2 Ne6 36. Kf1 Nf4 37. Qg3 Qg5 38. Rd1 Rh8 39. Bg2 Rh4 40. f3 Rbh8 41. Rc2 Rh1+
42. Bxh1 Rxh1+ 43. Kf2 Rxd1 0-1

[Event "42nd Olympiad 2016"]
[Site "Baku AZE"]
[Date "2016.09.09"]
[Round "7.52"]
[Board "3"]
[White "Theocharous, Stelios"]
[Black "Alkhaldi, Bader"]
[Result "1/2-1/2"]
[WhiteElo "2065"]
[BlackElo "1956"]
[WhiteTeam "Cyprus"]
[BlackTeam "Kuwait"]
[WhiteFideId "5901545"]
[BlackFideId "10300171"]
[EventDate "2016.09.02"]

1. e4 c5 2. Nf3 d6 3. d4 cxd4 4. Nxd4 Nf6 5. Nc3 g6 6. Be2 a6 7. O-O Bg7 8. Be3
O-O 9. f3 b5 10. a4 b4 11. Na2 e5 12. Nb3 Nc6 13. Qd2 d5 14. Nxb4 Nxb4 15. Qxb4
dxe4 16. fxe4 Qc7 17. Qc5 Qb8 18. Bc4 Bb7 19. Qe7 Nxe4 20. Rxf7 Rxf7 21. Bxf7+
Kh8 22. Na5 Nd6 23. Bc5 Nxf7 24. Nxb7 Nh6 25. Rd1 Nf5 26. Qf7 Qe8 27. Qxe8+ Rxe8
28. Rd8 Rxd8 29. Nxd8 e4 30. c3 Bh6 31. Nf7+ Kg7 32. Nxh6 Nxh6 33. h3 Kf6 34.
Kf2 Ke5 35. g4 Nf7 36. Bd4+ Kd5 37. Ke3 Ng5 38. h4 Nf3 39. b3 Nxh4 40. c4+ Ke6
41. Kxe4 h5 42. gxh5 gxh5 43. b4 Ng6 44. b5 axb5 45. cxb5 Kd6 46. a5 Kc7 47. a6
Nf8 48. b6+ Kc6 49. Kf5 Nd7 50. b7 Nb8 51. a7 1/2-1/2

[Event "42nd Olympiad 2016"]
[Site "Baku AZE"]
[Date "2016.09.09"]
[Round "7.52"]
[Board "4"]
[White "Al Khateeb, Taher"]
[Black "Antoniou, Antonis"]
[Result "1/2-1/2"]
[WhiteTitle "CM"]
[BlackTitle "FM"]
[WhiteElo "2002"]
[BlackElo "2172"]
[WhiteTeam "Kuwait"]
[BlackTeam "Cyprus"]
[WhiteFideId "10300058"]
[BlackFideId "5900123"]
[EventDate "2016.09.02"]

1. d4 d6 2. Nf3 Nf6 3. c4 g6 4. Nc3 Bg7 5. g3 O-O 6. Bg2 Nc6 7. O-O a6 8. Bg5 h6
9. Bxf6 Bxf6 10. Qd2 Bg7 11. Rac1 Bg4 12. e3 Qd7 13. Ne2 Rad8 14. d5 Ne5 15.
Nxe5 Bxe5 16. Nf4 Qa4 17. b3 Qa3 18. h3 Bd7 19. Qc2 Bg7 20. Ne2 a5 21. Rcd1 a4
22. Nd4 axb3 23. Qxb3 Qc5 24. Rd2 Ra8 25. Rb1 b6 26. Qb4 Ra5 27. Qxc5 Rxc5 28.
Bf1 Ra5 29. Nb5 Rc8 30. Nd4 Rca8 31. Rbb2 Ra4 32. Kh2 Kf8 33. Bd3 Ra3 34. Rbc2
Ke8 35. Nb5 Bxb5 36. cxb5 R8a7 1/2-1/2

[Event "42nd Olympiad 2016"]
[Site "Baku AZE"]
[Date "2016.09.09"]
[Round "7.53"]
[Board "1"]
[White "Pace, Colin"]
[Black "Gemy, Jose Daniel"]
[Result "0-1"]
[WhiteTitle "CM"]
[BlackTitle "IM"]
[WhiteElo "2172"]
[BlackElo "2384"]
[WhiteTeam "Malta"]
[BlackTeam "Bolivia"]
[WhiteFideId "5600189"]
[BlackFideId "3301478"]
[EventDate "2016.09.02"]

1. e4 e6 2. d4 d5 3. Nd2 c5 4. exd5 Qxd5 5. Ngf3 cxd4 6. Bc4 Qd6 7. O-O Nf6 8.
Nb3 Nc6 9. Nbxd4 Nxd4 10. Nxd4 a6 11. Re1 Qc7 12. Bb3 Bd7 13. Bg5 Bc5 14. c3
O-O-O 15. Qf3 e5 16. Rac1 Rde8 17. Bxf6 gxf6 18. Qxf6 Kb8 19. Nf3 e4 20. Rxe4
Rxe4 21. Qxh8+ Ka7 22. Re1 Rxe1+ 23. Nxe1 Qf4 24. Nd3 Qf5 25. Bc2 Bb5 26. Nxc5
Qxc2 27. h3 Qd1+ 28. Kh2 Qd6+ 29. Kg1 Qd1+ 30. Kh2 Qd6+ 31. Kg1 Qxc5 32. Qxh7
Qc4 33. Qf5 Qxa2 34. Qc5+ Kb8 35. Qe5+ Kc8 36. Qh8+ Kc7 37. Qe5+ Kd7 38. Qd4+
Kc6 39. h4 Qd5 40. Qf6+ Kc5 41. Qe7+ Kc4 42. Qb4+ Kd3 43. h5 Qxh5 44. c4 Qd1+
45. Kh2 Bc6 46. Qc3+ Ke2 47. Qe5+ Kf1 48. f3 Qd2 0-1

[Event "42nd Olympiad 2016"]
[Site "Baku AZE"]
[Date "2016.09.09"]
[Round "7.53"]
[Board "2"]
[White "Aguilar, Luis Miguel"]
[Black "Gauci, Joseph"]
[Result "1-0"]
[WhiteTitle "CM"]
[BlackTitle "CM"]
[WhiteElo "2301"]
[BlackElo "2151"]
[WhiteTeam "Bolivia"]
[BlackTeam "Malta"]
[WhiteFideId "3303187"]
[BlackFideId "5600278"]
[EventDate "2016.09.02"]

1. g3 Nf6 2. Bg2 g6 3. d3 Bg7 4. e4 d6 5. Ne2 c5 6. O-O Nc6 7. f4 O-O 8. h3 Rb8
9. c3 Bd7 10. Be3 b5 11. d4 cxd4 12. cxd4 a5 13. e5 Ne8 14. Nbc3 e6 15. Ne4 Qe7
16. Rc1 Nb4 17. N2c3 f5 18. Nf2 d5 19. a3 Na6 20. Nd3 Nec7 21. Nc5 Nxc5 22. dxc5
b4 23. Na4 bxa3 24. c6 axb2 25. Nxb2 Rxb2 26. Bc5 Qe8 27. Qd4 Rb8 28. Bxf8 Bxf8
29. cxd7 Qxd7 30. Qa7 Rc8 31. Qb7 Be7 32. Rc6 Ba3 33. Rf2 d4 34. Rfc2 d3 35.
Rxc7 Rxc7 36. Rxc7 Qd4+ 37. Kh2 Bf8 38. Rxh7 1-0

[Event "42nd Olympiad 2016"]
[Site "Baku AZE"]
[Date "2016.09.09"]
[Round "7.53"]
[Board "3"]
[White "Zerafa, Robert"]
[Black "Delgadillo, Adonay"]
[Result "1/2-1/2"]
[WhiteTitle "CM"]
[WhiteElo "2068"]
[BlackElo "2232"]
[WhiteTeam "Malta"]
[BlackTeam "Bolivia"]
[WhiteFideId "5600618"]
[BlackFideId "3301915"]
[EventDate "2016.09.02"]

1. Nf3 Nf6 2. d4 g6 3. c4 Bg7 4. Nc3 O-O 5. e4 d6 6. Be2 e5 7. O-O Nc6 8. d5 Ne7
9. b4 Nh5 10. Re1 f5 11. Nd2 Nf4 12. Bf1 Kh8 13. g3 Nh5 14. exf5 Nxf5 15. Nde4
Nd4 16. Bg2 a5 17. bxa5 Rxa5 18. a4 Nf6 19. h3 Bf5 20. Ra2 Qc8 21. Nxf6 Bxf6 22.
Kh2 Bg7 23. Ba3 b6 24. Nb5 Nxb5 25. cxb5 Qa8 26. Bb4 Rxb5 27. Qb3 Ra5 28. Bxa5
Qxa5 29. Rc1 Qa7 30. Qe3 Ra8 31. Be4 Bh6 32. Qxh6 Bxe4 33. Rac2 Bxc2 34. Rxc2
Kg8 35. h4 Rf8 36. h5 gxh5 37. Qg5+ Kf7 38. Qxh5+ Ke7 39. Qxh7+ Rf7 40. Qg6 b5
41. Qe6+ Kf8 42. Qh6+ Ke8 43. Qe6+ Kf8 44. Qh6+ Ke8 45. Qe6+ Kf8 1/2-1/2

[Event "42nd Olympiad 2016"]
[Site "Baku AZE"]
[Date "2016.09.09"]
[Round "7.53"]
[Board "4"]
[White "Parraga, Alejandro"]
[Black "Vella, Duncan"]
[Result "1-0"]
[BlackTitle "CM"]
[WhiteElo "2173"]
[BlackElo "2017"]
[WhiteTeam "Bolivia"]
[BlackTeam "Malta"]
[WhiteFideId "3300617"]
[BlackFideId "5600243"]
[EventDate "2016.09.02"]

1. d4 d5 2. c4 c6 3. Nf3 Nf6 4. e3 Bf5 5. Nc3 e6 6. Bd3 Bxd3 7. Qxd3 Bb4 8. O-O
Nbd7 9. Bd2 a5 10. Rac1 O-O 11. Rfd1 Qe7 12. a3 Bxc3 13. Qxc3 Ne4 14. Qb3 Rfb8
15. Be1 Nd6 16. c5 Ne4 17. Nd2 Nxd2 18. Rxd2 e5 19. f3 b6 20. cxb6 Rxb6 21. Qc3
a4 22. Bf2 e4 23. Rdc2 exf3 24. gxf3 Qf6 25. Kg2 Qf5 26. Qd2 c5 27. dxc5 Rf6 28.
Qe2 Ne5 29. c6 Nxf3 30. c7 Rc8 31. e4 Qh5 32. Bg3 dxe4 33. Rd1 Re6 34. Rd8+ Re8
35. Rxe8+ Rxe8 36. c8=Q Nh4+ 37. Kh1 1-0

[Event "42nd Olympiad 2016"]
[Site "Baku AZE"]
[Date "2016.09.09"]
[Round "7.54"]
[Board "1"]
[White "Mabrouk, Fathi"]
[Black "Kojima, Shinya"]
[Result "0-1"]
[BlackTitle "IM"]
[WhiteElo "2145"]
[BlackElo "2398"]
[WhiteTeam "Tunisia"]
[BlackTeam "Japan"]
[WhiteFideId "5500672"]
[BlackFideId "7000812"]
[EventDate "2016.09.02"]

1. d4 Nf6 2. c4 e6 3. Nf3 d5 4. g3 Bb4+ 5. Bd2 Be7 6. Bg2 O-O 7. Qc2 c6 8. O-O
b6 9. Bf4 Bb7 10. Nbd2 Nbd7 11. e4 Rc8 12. e5 Ne8 13. h4 c5 14. Ng5 g6 15. cxd5
cxd4 16. Qd1 Bxg5 17. Bxg5 f6 18. exf6 Ndxf6 19. dxe6 Bxg2 20. Kxg2 Qd5+ 21. Kg1
Qxe6 22. Nf3 Ne4 23. Nxd4 Qf7 24. Qb3 Rc4 25. Be3 N8d6 26. Rac1 Nc5 27. Qd1 Rxc1
28. Qxc1 Qxa2 29. Bh6 Re8 30. b4 Nce4 31. Qa1 Qf7 32. Bf4 Nc4 33. Re1 Qd5 34.
Nf3 Ned6 35. Rxe8+ Nxe8 36. Ne5 Nxe5 37. Qxe5 Qxe5 38. Bxe5 Kf7 39. b5 Ke6 40.
Bb8 Kd7 41. g4 Nf6 42. f3 Nd5 43. Be5 Ke6 44. Bb8 Kd7 45. Be5 Ne3 46. Bb8 Kc8
47. Bd6 Nc2 48. f4 Nd4 49. Kf2 Nxb5 50. Be5 Kd7 51. f5 gxf5 52. g5 Ke6 53. Bb2
Nd6 54. Kf3 a5 55. Bc3 a4 56. Kf4 Ne4 57. Bb4 b5 58. h5 Nf2 59. Kg3 Nd3 60. Bc3
Kf7 0-1

[Event "42nd Olympiad 2016"]
[Site "Baku AZE"]
[Date "2016.09.09"]
[Round "7.54"]
[Board "2"]
[White "Nanjo, Ryosuke"]
[Black "Meftahi, Houssem"]
[Result "1/2-1/2"]
[WhiteTitle "IM"]
[BlackTitle "IM"]
[WhiteElo "2340"]
[BlackElo "2119"]
[WhiteTeam "Japan"]
[BlackTeam "Tunisia"]
[WhiteFideId "7000634"]
[BlackFideId "5501660"]
[EventDate "2016.09.02"]

1. d4 d5 2. c4 e6 3. Nc3 Nf6 4. cxd5 exd5 5. Bg5 Nbd7 6. e3 c6 7. Bd3 Be7 8. Qc2
Nh5 9. Bxe7 Qxe7 10. Nge2 Ndf6 11. h3 g6 12. O-O-O Ng7 13. g4 Be6 14. Kb1 O-O-O
15. Ka1 Kb8 16. Na4 h5 17. g5 Nd7 18. h4 Bf5 19. Ng3 Bxd3 20. Rxd3 Ne8 21. Rb3
Rc8 22. Rc1 Nd6 23. Nc5 Rhe8 24. Nd3 Ne4 25. Nf1 Nd6 26. Nd2 Ne4 27. Nf3 c5 28.
Nde5 Nb6 29. Qb1 cxd4 30. exd4 Rxc1 31. Qxc1 Rc8 32. Qf4 Qc7 33. a3 Qc1+ 1/2-1/2

[Event "42nd Olympiad 2016"]
[Site "Baku AZE"]
[Date "2016.09.09"]
[Round "7.54"]
[Board "3"]
[White "Ben Ammar, Mohamed"]
[Black "Averbukh, Alex"]
[Result "0-1"]
[WhiteElo "1929"]
[BlackElo "2223"]
[WhiteTeam "Tunisia"]
[BlackTeam "Japan"]
[WhiteFideId "5502012"]
[BlackFideId "2028255"]
[EventDate "2016.09.02"]

1. Nf3 d5 2. d4 Nc6 3. Bf4 Bf5 4. c3 e6 5. e3 Bd6 6. Bg3 Nge7 7. Bd3 O-O 8. O-O
Re8 9. b4 Ng6 10. Bxf5 exf5 11. Bxd6 Qxd6 12. Na3 a5 13. Nb5 Qd7 14. Qd2 Nce7
15. Qd3 Nc8 16. Na3 f4 17. Nc2 Nd6 18. Ne5 Nxe5 19. dxe5 Rxe5 20. exf4 Rh5 21.
Ne3 c6 22. Rfd1 Qe7 23. h3 axb4 24. cxb4 Qh4 25. Qd4 Ne4 26. Rf1 Qxf4 27. Qb6
Rb8 28. a4 Rg5 29. Rae1 Nd2 30. Kh1 Nxf1 31. Nxf1 h5 32. b5 d4 33. bxc6 Qxf2 34.
Ne3 Qxe1+ 0-1